[Event "Chigorin Memorial 2018"]
[Site "St. Petersburg"]
[Date "2018.10.27"]
[Round "1.89"]
[White "Nuritdinov, Nizomitdin"]
[Black "Vasilyev, Vasily"]
[Result "0-1"]
[WhiteElo "1796"]
[BlackElo "2272"]
[PlyCount "96"]
[EventDate "2018.10.27"]
[EventType "swiss"]
[EventCountry "RUS"]
[WhiteTeam "Russland"]
[BlackTeam "Russland"]
[WhiteTeamCountry "RUS"]
[BlackTeamCountry "RUS"]

1. d4 d5 2. Nf3 c6 3. c3 Nf6 4. h3 g6 5. Bf4 Bg7 6. e3 O-O 7. Bd3 c5 8. Nbd2 Nc6 9. O-O Nd7 10. Re1 e5 11. dxe5 Ndxe5 12. Bf1 b6 13. Nxe5 Nxe5 14. Nf3 Nxf3+ 15. Qxf3 Bb7 16. Rad1 Qe7 17. Qg3 Rad8 18. e4 d4 19. c4 Rfe8 20. Bd3 Qd7 21. b3 Re6 22. f3 Rde8 23. Re2 Qe7 24. Bg5 f6 25. Bf4 Bc6 26. h4 f5 27. Bg5 Qb7 28. e5 Bxe5 29. f4 Bg7 30. Rxe6 Rxe6 31. h5 Re3 32. Qh4 Bxg2 33. hxg6 hxg6 34. Qf2 Qf3 35. Re1 Rxe1+ 36. Qxe1 Qxd3 37. Kxg2 Qc2+ 38. Kg3 Qxa2 39. Qe8+ Kh7 40. Qe7 Qxb3+ 41. Kh2 Qc2+ 42. Kg3 Qd3+ 43. Kh2 Qe4 44. Qxa7 d3 45. Qc7 Qd4 46. Qe7 d2 47. Bh6 Qf2+ 48. Kh3 Qf3+ 0-1

[Event "Chigorin Memorial 2018"]
[Site "St. Petersburg"]
[Date "2018.10.27"]
[Round "1.90"]
[White "Ibadov, Dashgyn"]
[Black "Chugunov, Vadim"]
[Result "1-0"]
[WhiteElo "2270"]
[BlackElo "1790"]
[PlyCount "63"]
[EventDate "2018.10.27"]
[EventType "swiss"]
[EventCountry "RUS"]
[WhiteTeam "Russland"]
[BlackTeam "Russland"]
[WhiteTeamCountry "RUS"]
[BlackTeamCountry "RUS"]

1. e4 e5 2. Nf3 Nc6 3. Bb5 a6 4. Ba4 Nf6 5. a3 d6 6. c3 g6 7. O-O Bg7 8. d4 exd4 9. cxd4 O-O 10. Bxc6 bxc6 11. Nc3 Re8 12. Re1 a5 13. h3 h6 14. Bf4 Nd7 15. Qc2 Ba6 16. Rad1 Qb8 17. e5 dxe5 18. Nxe5 Nxe5 19. Bxe5 Qb6 20. Ne4 Re7 21. Bxg7 Kxg7 22. d5 Rae8 23. Qc3+ Re5 24. Nc5 Qxc5 25. Qxc5 Rxe1+ 26. Rxe1 Rxe1+ 27. Kh2 Re5 28. Qc3 f6 29. Qxc6 Bd3 30. Qxc7+ Kg8 31. d6 Bf5 32. d7 1-0

[Event "Chigorin Memorial 2018"]
[Site "St. Petersburg"]
[Date "2018.10.27"]
[Round "1.91"]
[White "Vasilenko, Ekaterina"]
[Black "Postnikov, Artem"]
[Result "0-1"]
[WhiteElo "1785"]
[BlackElo "2270"]
[PlyCount "76"]
[EventDate "2018.10.27"]
[EventType "swiss"]
[EventCountry "RUS"]
[WhiteTeam "Ukraine"]
[BlackTeam "Russland"]
[WhiteTeamCountry "UKR"]
[BlackTeamCountry "RUS"]

1. e4 c5 2. Nf3 Nc6 3. d4 cxd4 4. Nxd4 Qb6 5. Nb3 e6 6. Be3 Qc7 7. a3 Nf6 8. Nc3 a6 9. Be2 Be7 10. Qd2 O-O 11. O-O b5 12. Bf4 d6 13. Rfe1 Ne5 14. Qe3 Bb7 15. Nd2 Bc6 16. Qg3 Rfb8 17. Bh6 Ng6 18. Be3 Qb7 19. Bd3 d5 20. Bg5 d4 21. Nd1 e5 22. Nf3 h6 23. Bd2 Qc7 24. h3 Nh5 25. Qh2 Nhf4 26. g4 Nxd3 27. cxd3 Bd7 28. Rc1 Qb6 29. b4 Qe6 30. h4 h5 31. Kf1 Qb3 32. Ke2 Bxg4 33. Qg2 Rc8 34. Rh1 Rxc1 35. Bxc1 Rc8 36. Bd2 Rc2 37. Rg1 Qa2 38. Ke1 Bxf3 0-1

[Event "Chigorin Memorial 2018"]
[Site "St. Petersburg"]
[Date "2018.10.27"]
[Round "1.92"]
[White "Rjabzev, Konstantin"]
[Black "Kovalenko, Kleopatra"]
[Result "1-0"]
[WhiteElo "2270"]
[BlackElo "1781"]
[PlyCount "75"]
[EventDate "2018.10.27"]
[EventType "swiss"]
[EventCountry "RUS"]
[WhiteTeam "Russland"]
[BlackTeam "Russland"]
[WhiteTeamCountry "RUS"]
[BlackTeamCountry "RUS"]

1. e4 c5 2. Nf3 e6 3. g3 d6 4. Bg2 g6 5. O-O Bg7 6. d4 Nd7 7. Nc3 a6 8. Be3 Ne7 9. dxc5 dxc5 10. Qd6 Qb6 11. Qxb6 Nxb6 12. Bxc5 Nc4 13. e5 Nc6 14. Ne4 N6xe5 15. Rad1 Nd7 16. Nd6+ Nxd6 17. Bxd6 Bf8 18. Bf4 Bg7 19. b3 O-O 20. Bd6 Re8 21. c4 a5 22. Nd4 Nb8 23. Nb5 Na6 24. a4 e5 25. h3 h5 26. Rfe1 Kh7 27. f4 f6 28. fxe5 fxe5 29. c5 Be6 30. Bxb7 Bxb3 31. Ra1 Nb4 32. Bxa8 Nc2 33. Be4 Nxe1 34. Rxe1 Bxa4 35. Nc7 Rb8 36. Ne6 Rb2 37. Nxg7 Kxg7 38. Bxe5+ 1-0

[Event "Chigorin Memorial 2018"]
[Site "St. Petersburg"]
[Date "2018.10.27"]
[Round "1.93"]
[White "Bodnaruk, Kseniya"]
[Black "Askerov, Marat"]
[Result "0-1"]
[WhiteElo "1777"]
[BlackElo "2265"]
[PlyCount "70"]
[EventDate "2018.10.27"]
[EventType "swiss"]
[EventCountry "RUS"]
[WhiteTeam "Russland"]
[BlackTeam "Russland"]
[WhiteTeamCountry "RUS"]
[BlackTeamCountry "RUS"]

1. e4 e6 2. d3 d5 3. Nd2 c5 4. Ngf3 Nc6 5. g3 Nf6 6. Bg2 g6 7. O-O Bg7 8. c3 O-O 9. e5 Nd7 10. d4 f6 11. exf6 Qxf6 12. Nb3 c4 13. Bg5 Qf7 14. Nc1 e5 15. Nxe5 Ncxe5 16. dxe5 Nxe5 17. f4 Ng4 18. Bxd5 Be6 19. Bxe6 Qxe6 20. Qe2 Qb6+ 21. Kh1 Ne3 22. Rf3 Rae8 23. a4 h6 24. Bh4 g5 25. Na2 gxh4 26. Re1 Ng4 27. Qxc4+ Kh8 28. Re2 Ne5 29. Rxe5 Rxe5 30. Rf1 Qc6+ 31. Qxc6 bxc6 32. Nb4 Re2 33. Nxc6 Rxb2 34. Nxa7 h3 35. f5 Rxf5 0-1

[Event "Chigorin Memorial 2018"]
[Site "St. Petersburg"]
[Date "2018.10.27"]
[Round "1.94"]
[White "Andreev, Konstantin"]
[Black "Loktionov, Kirill"]
[Result "1-0"]
[WhiteElo "2265"]
[BlackElo "1776"]
[PlyCount "81"]
[EventDate "2018.10.27"]
[EventType "swiss"]
[EventCountry "RUS"]
[WhiteTeam "Russland"]
[BlackTeam "Russland"]
[WhiteTeamCountry "RUS"]
[BlackTeamCountry "RUS"]

1. d4 d5 2. c4 e6 3. Nc3 c5 4. cxd5 cxd4 5. Qxd4 Nc6 6. Qd1 exd5 7. Qxd5 Bd7 8. Nf3 Nf6 9. Qd1 Bb4 10. e3 O-O 11. Be2 Ne4 12. Bd2 Nxd2 13. Qxd2 Qf6 14. O-O Bg4 15. h3 Rfd8 16. Qc1 Bxf3 17. Bxf3 Ne5 18. Bxb7 Rab8 19. Nd5 Nf3+ 20. gxf3 Qg5+ 21. Kh2 Rxb7 22. Nxb4 Rxb4 23. Qc3 Rb6 24. Rg1 Qh6 25. Rad1 Rdb8 26. Rd7 g6 27. Rgd1 Qf8 28. b3 a6 29. f4 Rb5 30. Qf6 R5b6 31. Qd4 Re6 32. Rc1 Re7 33. Rcc7 Rxd7 34. Rxd7 Qe8 35. Qd5 Rc8 36. b4 Rb8 37. a4 Kg7 38. Rxf7+ Qxf7 39. Qe5+ Qf6 40. Qxb8 Qh4 41. Kg2 1-0

[Event "Chigorin Memorial 2018"]
[Site "St. Petersburg"]
[Date "2018.10.27"]
[Round "1.95"]
[White "Semenova, Anastasia"]
[Black "Tsvetkov, Andrey"]
[Result "0-1"]
[WhiteElo "1769"]
[BlackElo "2264"]
[PlyCount "50"]
[EventDate "2018.10.27"]
[EventType "swiss"]
[EventCountry "RUS"]
[WhiteTeam "Russland"]
[BlackTeam "Russland"]
[WhiteTeamCountry "RUS"]
[BlackTeamCountry "RUS"]

1. e4 c5 2. c3 Nf6 3. e5 Nd5 4. d4 cxd4 5. cxd4 d6 6. Nf3 e6 7. Bc4 Be7 8. O-O O-O 9. Re1 Nc6 10. Nc3 Nxc3 11. bxc3 d5 12. Bd3 Bd7 13. Rb1 Na5 14. Bc2 Rc8 15. Qd3 g6 16. Bh6 Re8 17. Nd2 a6 18. g3 Qc7 19. Re3 Bb5 20. Rxb5 axb5 21. Qxb5 Nc6 22. Ba4 Ra8 23. Nb3 Reb8 24. h4 Na7 25. Qe2 b5 0-1

[Event "Chigorin Memorial 2018"]
[Site "St. Petersburg"]
[Date "2018.10.27"]
[Round "1.96"]
[White "Gitelson, Arkady"]
[Black "Vorobieva, Varvara"]
[Result "1-0"]
[WhiteElo "2264"]
[BlackElo "1760"]
[PlyCount "89"]
[EventDate "2018.10.27"]
[EventType "swiss"]
[EventCountry "RUS"]
[WhiteTeam "Russland"]
[BlackTeam "Russland"]
[WhiteTeamCountry "RUS"]
[BlackTeamCountry "RUS"]

1. Nf3 d5 2. g3 Nf6 3. Bg2 e6 4. O-O Be7 5. d4 O-O 6. c4 b6 7. Nc3 Bb7 8. Nd2 c5 9. dxc5 bxc5 10. cxd5 exd5 11. Nc4 Na6 12. Bg5 Nc7 13. Na5 Rb8 14. Nxb7 Rxb7 15. b3 h6 16. Bf4 Bd6 17. Nxd5 Ncxd5 18. Bxd5 Rd7 19. Bc6 Bxf4 20. Bxd7 Be5 21. Bb5 Qb6 22. Bd3 Bxa1 23. Qxa1 Nd5 24. Qe5 Nb4 25. Bb1 Nc6 26. Qe4 g6 27. Rd1 Nd4 28. Bd3 Rd8 29. Bc4 Qf6 30. Kg2 Kg7 31. e3 Ne6 32. Rxd8 Nxd8 33. Qd5 Qb6 34. Qe5+ Kg8 35. Bd5 h5 36. h3 Kf8 37. e4 Qa5 38. Qd6+ Ke8 39. e5 Qb6 40. Qxb6 axb6 41. a4 Kd7 42. Kf3 Ke7 43. Ke4 f5+ 44. Kf4 h4 45. gxh4 1-0

[Event "Chigorin Memorial 2018"]
[Site "St. Petersburg"]
[Date "2018.10.27"]
[Round "1.97"]
[White "Trifonov, Vladislav"]
[Black "Semenova, Elena"]
[Result "1/2-1/2"]
[WhiteElo "1749"]
[BlackElo "2263"]
[PlyCount "80"]
[EventDate "2018.10.27"]
[EventType "swiss"]
[EventCountry "RUS"]
[WhiteTeam "Russland"]
[BlackTeam "Russland"]
[WhiteTeamCountry "RUS"]
[BlackTeamCountry "RUS"]

1. d4 Nf6 2. c4 e6 3. Nc3 Bb4 4. e3 O-O 5. Bd3 b6 6. Nge2 Bb7 7. f3 c5 8. a3 Bxc3+ 9. Nxc3 cxd4 10. exd4 d5 11. O-O dxc4 12. Bxc4 Nc6 13. Be3 Rc8 14. Ba2 Ne7 15. Bg5 Nf5 16. d5 h6 17. Bxf6 Qxf6 18. dxe6 Ne3 19. exf7+ Kh8 20. Qd7 Nxf1 21. Qxb7 Ne3 22. Re1 Qg5 23. Re2 Rfd8 24. Qe4 Nxg2 25. Rxg2 Qc1+ 26. Kf2 Qxb2+ 27. Kg3 Qxc3 28. Bb1 g6 29. Kh3 Rf8 30. Rxg6 Rxf7 31. Rxh6+ Kg7 32. Qg6+ Kf8 33. Qd6+ Kg8 34. Rg6+ Kh8 35. Rh6+ Kg8 36. Rg6+ Kh8 37. Rh6+ Kg8 38. Rg6+ Kh8 39. Rh6+ Kg8 40. Rg6+ Kh8 1/2-1/2

[Event "Chigorin Memorial 2018"]
[Site "St. Petersburg"]
[Date "2018.10.27"]
[Round "1.98"]
[White "Danielyan, Vahe"]
[Black "Ageeva, Vasilisa"]
[Result "1-0"]
[WhiteElo "2256"]
[BlackElo "1745"]
[PlyCount "95"]
[EventDate "2018.10.27"]
[EventType "swiss"]
[EventCountry "RUS"]
[WhiteTeam "Armenien"]
[BlackTeam "Russland"]
[WhiteTeamCountry "ARM"]
[BlackTeamCountry "RUS"]

1. e4 c5 2. Nf3 e6 3. Nc3 Nc6 4. Bb5 a6 5. Bxc6 bxc6 6. O-O d5 7. d3 Nf6 8. Bg5 Be7 9. e5 Nd7 10. Bxe7 Qxe7 11. a4 O-O 12. a5 Rd8 13. Re1 Rb8 14. b3 Bb7 15. Ra4 Ba8 16. Rg4 Rb4 17. Rg3 c4 18. d4 cxb3 19. cxb3 c5 20. Ne2 cxd4 21. Nexd4 Nc5 22. h4 Ne4 23. Rh3 Qc5 24. h5 h6 25. Rh4 Qxa5 26. Rg4 Rc8 27. Qe2 Rc3 28. Rd1 Bb7 29. Ne1 Qc5 30. Nef3 Kh8 31. Qe1 Kg8 32. Rf4 a5 33. Rg4 Ba6 34. Kh2 Bb7 35. Ne2 Rcxb3 36. Nfd4 Rb2 37. f3 Ng5 38. Qg3 Ba6 39. Rc1 Qa7 40. f4 Bxe2 41. Nxe2 Rxe2 42. fxg5 Rxg4 43. Rc8+ Kh7 44. Qxg4 hxg5 45. Qxe2 Qd4 46. Qc2+ g6 47. hxg6+ fxg6 48. Qc7+ 1-0

[Event "Chigorin Memorial 2018"]
[Site "St. Petersburg"]
[Date "2018.10.27"]
[Round "1.99"]
[White "Chagina, Ulyana"]
[Black "Erdenieva, Oyuna"]
[Result "1/2-1/2"]
[WhiteElo "1727"]
[BlackElo "2251"]
[PlyCount "89"]
[EventDate "2018.10.27"]
[EventType "swiss"]
[EventCountry "RUS"]
[WhiteTeam "Russland"]
[BlackTeam "Russland"]
[WhiteTeamCountry "RUS"]
[BlackTeamCountry "RUS"]

1. d4 d5 2. Nf3 Nf6 3. c4 c6 4. Bf4 Bf5 5. Nc3 e6 6. e3 Nbd7 7. Be2 Be7 8. Ne5 O-O 9. h4 h6 10. g4 Be4 11. Nxe4 Nxe4 12. Nxd7 Qxd7 13. g5 hxg5 14. hxg5 Bxg5 15. Bxg5 Nxg5 16. Bd3 f5 17. Qh5 Ne4 18. Bxe4 dxe4 19. O-O-O Qe8 20. Qh7+ Kf7 21. Rdg1 Rg8 22. Rh6 Qe7 23. Rhg6 Qf8 24. Qh5 Ke7 25. Qh2 f4 26. Qh5 Re8 27. Qe5 Kd7 28. Rxg7+ Rxg7 29. Rxg7+ Re7 30. Rxe7+ Qxe7 31. Qxf4 Qb4 32. Qf7+ Kd8 33. Qg8+ Kd7 34. Qh7+ Kd8 35. Qxe4 Qxc4+ 36. Kd2 Qxa2 37. Kc3 Qa5+ 38. b4 Qd5 39. Qe5 Qxe5 40. dxe5 Ke7 41. Kc4 b6 42. f4 a6 43. e4 Kf7 44. f5 Ke7 45. f6+ 1/2-1/2

[Event "Chigorin Memorial 2018"]
[Site "St. Petersburg"]
[Date "2018.10.27"]
[Round "1.100"]
[White "Emeljanov, Alexander"]
[Black "Kurchenko, Egor"]
[Result "1/2-1/2"]
[WhiteElo "2244"]
[BlackElo "1710"]
[PlyCount "88"]
[EventDate "2018.10.27"]
[EventType "swiss"]
[EventCountry "RUS"]
[WhiteTeam "Russland"]
[BlackTeam "Russland"]
[WhiteTeamCountry "RUS"]
[BlackTeamCountry "RUS"]

1. d4 Nf6 2. Nf3 e6 3. c4 c5 4. e3 d5 5. Nc3 Nc6 6. a3 cxd4 7. exd4 Be7 8. c5 O-O 9. Bb5 Bd7 10. O-O a6 11. Bd3 b6 12. b4 bxc5 13. bxc5 Rb8 14. Bf4 Ra8 15. h3 Qa5 16. Bd2 Qc7 17. Re1 Rfe8 18. Qe2 Bf8 19. Bxa6 e5 20. dxe5 Bxc5 21. Bf4 Nd4 22. Nxd4 Bxd4 23. Nb5 Bxb5 24. Bxb5 Ne4 25. Rac1 Qa7 26. Be3 Rxe5 27. Bxd4 Qxd4 28. Qe3 Qxe3 29. fxe3 g6 30. a4 Nd6 31. Rc5 Nxb5 32. axb5 Rb8 33. Kf2 Rb6 34. Ke2 Kf8 35. Kd3 Ke7 36. Re2 Kd7 37. Re1 Rbe6 38. Kd2 Ke7 39. Rc7+ Ke8 40. Ra1 Kf8 41. Rf1 f5 42. g4 h6 43. gxf5 Rxf5 44. Rxf5+ gxf5 1/2-1/2

[Event "Chigorin Memorial 2018"]
[Site "St. Petersburg"]
[Date "2018.10.27"]
[Round "1.101"]
[White "Sorokin, Artem"]
[Black "Bhambure, Shantanu"]
[Result "0-1"]
[WhiteElo "1701"]
[BlackElo "2243"]
[PlyCount "102"]
[EventDate "2018.10.27"]
[EventType "swiss"]
[EventCountry "RUS"]
[WhiteTeam "Russland"]
[BlackTeam "Indien"]
[WhiteTeamCountry "RUS"]
[BlackTeamCountry "IND"]

1. e4 c6 2. d4 d5 3. e5 Bf5 4. Nf3 e6 5. Be2 Ne7 6. O-O Ng6 7. Nbd2 Nf4 8. Nb3 Nxe2+ 9. Qxe2 Be7 10. c4 dxc4 11. Qxc4 Nd7 12. Be3 O-O 13. Rfd1 Be4 14. Nfd2 Bd5 15. Qc2 a5 16. Ne4 a4 17. Nbc5 Bxc5 18. Nxc5 Nxc5 19. dxc5 Qc7 20. Qc3 f5 21. Bf4 h6 22. h4 Qf7 23. Qg3 Qh5 24. Rd4 Kh7 25. Rb4 Rf7 26. f3 Ra5 27. Be3 a3 28. b3 Ra8 29. Rd1 f4 30. Bxf4 Raf8 31. Rdd4 Qf5 32. Kh2 Qc2 33. h5 Qf5 34. Qg6+ Qxg6 35. hxg6+ Kxg6 36. Bg3 Ra8 37. Ra4 Rff8 38. Rdb4 Rxa4 39. Rxa4 Kh7 40. Rxa3 g5 41. Ra7 Rf7 42. Ra8 h5 43. Kg1 h4 44. Bh2 h3 45. Ra4 hxg2 46. f4 Kg6 47. Rb4 g4 48. Rd4 Rh7 49. Rd3 Bf3 50. f5+ exf5 51. Rd6+ Kg5 0-1

[Event "Chigorin Memorial 2018"]
[Site "St. Petersburg"]
[Date "2018.10.27"]
[Round "1.102"]
[White "Nikologorsky, Matfei"]
[Black "Gurskiy, Dmitriy"]
[Result "1-0"]
[WhiteElo "2235"]
[BlackElo "1701"]
[PlyCount "99"]
[EventDate "2018.10.27"]
[EventType "swiss"]
[EventCountry "RUS"]
[WhiteTeam "Russland"]
[BlackTeam "Russland"]
[WhiteTeamCountry "RUS"]
[BlackTeamCountry "RUS"]

1. e4 e6 2. d4 d5 3. Nd2 c5 4. Ngf3 Be7 5. exd5 exd5 6. dxc5 Bxc5 7. Bb5+ Nc6 8. O-O Nge7 9. Nb3 Bb6 10. Bg5 O-O 11. Re1 Re8 12. Qd2 Bg4 13. Nbd4 Qd6 14. Bxe7 Rxe7 15. Rxe7 Nxd4 16. Rae1 Be6 17. Re8+ Rxe8 18. Bxe8 Nf5 19. Bb5 Bc7 20. g3 Qb6 21. Bd3 Nd6 22. Nd4 Bd7 23. c3 g6 24. b3 Ne8 25. Bf1 Nf6 26. Bg2 Kg7 27. Nc2 Qa5 28. Nb4 Be6 29. Rd1 Bb6 30. Nxd5 Bxd5 31. Bxd5 Nxd5 32. Qxd5 Qxa2 33. Qe5+ Kg8 34. Qf6 Qxb3 35. Re1 Qa4 36. Re7 Qd1+ 37. Kg2 Qd5+ 38. Qf3 Qc6 39. Rxb7 Qe6 40. Rb8+ Kg7 41. Qa8 Qc4 42. Rg8+ Kf6 43. Qf3+ Ke7 44. Rb8 Qe6 45. Qb7+ Kf6 46. Rc8 Kg7 47. c4 Qf5 48. c5 Bxc5 49. Qb2+ f6 50. Rc7+ 1-0

[Event "Chigorin Memorial 2018"]
[Site "St. Petersburg"]
[Date "2018.10.27"]
[Round "1.103"]
[White "Serov, Aleksandr"]
[Black "Nikitin, Sergey E."]
[Result "0-1"]
[WhiteElo "1688"]
[BlackElo "2230"]
[PlyCount "54"]
[EventDate "2018.10.27"]
[EventType "swiss"]
[EventCountry "RUS"]
[WhiteTeam "Russland"]
[BlackTeam "Russland"]
[WhiteTeamCountry "RUS"]
[BlackTeamCountry "RUS"]

1. Nf3 d5 2. g3 Nf6 3. Bg2 Bf5 4. O-O e6 5. c4 c6 6. cxd5 exd5 7. d3 h6 8. Nc3 Bb4 9. Qb3 Qe7 10. Bd2 Na6 11. Rfe1 Be6 12. Nd4 O-O 13. Nxe6 fxe6 14. a3 Bc5 15. e3 e5 16. d4 Bb6 17. dxe5 Qxe5 18. Na4 Ne4 19. Bxe4 Qxe4 20. Nxb6 Nc5 21. Qb4 axb6 22. Qxb6 Nd3 23. f3 Rxf3 24. Rf1 Raf8 25. Qd4 Rxf1+ 26. Rxf1 Rxf1+ 27. Kxf1 Qf3+ 0-1

[Event "Chigorin Memorial 2018"]
[Site "St. Petersburg"]
[Date "2018.10.27"]
[Round "1.104"]
[White "Aleksandrov, Danila"]
[Black "Moskaleva, Arina"]
[Result "1-0"]
[WhiteElo "2229"]
[BlackElo "1675"]
[PlyCount "69"]
[EventDate "2018.10.27"]
[EventType "swiss"]
[EventCountry "RUS"]
[WhiteTeam "Russland"]
[BlackTeam "Russland"]
[WhiteTeamCountry "RUS"]
[BlackTeamCountry "RUS"]

1. d4 Nf6 2. c4 c5 3. d5 b5 4. Nf3 d6 5. Qc2 g6 6. e4 bxc4 7. Bxc4 a6 8. O-O Bg7 9. Bd2 O-O 10. Bc3 Nbd7 11. Nbd2 Rb8 12. Nb3 Nb6 13. Na5 Bd7 14. Bxa6 Na4 15. Nc6 Bxc6 16. dxc6 Nxc3 17. bxc3 Qc7 18. Bb7 d5 19. exd5 Nxd5 20. Rad1 e6 21. c4 Nb4 22. Qa4 Rbd8 23. a3 Nd3 24. Qb5 Qf4 25. a4 Nxf2 26. Rxd8 Rxd8 27. Qa5 Rd3 28. c7 Bd4 29. c8=Q+ Kg7 30. g3 Qe3 31. Nxd4 Ng4+ 32. Kh1 Nf2+ 33. Kg2 Rd2 34. Qxd2 Qxd2 35. Nxe6+ 1-0

[Event "Chigorin Memorial 2018"]
[Site "St. Petersburg"]
[Date "2018.10.27"]
[Round "1.105"]
[White "Patel, Palak"]
[Black "Khusenkhojaev, Mustafokhuja"]
[Result "0-1"]
[WhiteElo "1672"]
[BlackElo "2229"]
[PlyCount "138"]
[EventDate "2018.10.27"]
[EventType "swiss"]
[EventCountry "RUS"]
[WhiteTeam "Indien"]
[BlackTeam "Tadschikistan"]
[WhiteTeamCountry "IND"]
[BlackTeamCountry "TJK"]

1. e4 e5 2. Bc4 Nf6 3. d3 c6 4. Qe2 Bc5 5. Nc3 d6 6. h3 h6 7. Be3 Bxe3 8. Qxe3 O-O 9. Bb3 d5 10. Qf3 d4 11. Nce2 Na6 12. g4 Nc5 13. Qg3 Qa5+ 14. Kf1 Nxb3 15. cxb3 Qd2 16. Qxe5 Qxd3 17. Qxd4 Qxe4 18. Qxe4 Nxe4 19. Nc3 Nxc3 20. bxc3 f5 21. g5 hxg5 22. Nf3 g4 23. Ng5 Bd7 24. Rd1 Rad8 25. Kg2 f4 26. hxg4 Bxg4 27. f3 Bf5 28. Kf2 Bc2 29. Rxd8 Rxd8 30. Rh8+ Kxh8 31. Nf7+ Kg8 32. Nxd8 Bb1 33. a3 Ba2 34. b4 Kf8 35. Nxb7 Ke7 36. Na5 Kd6 37. c4 Bb1 38. Nb7+ Kc7 39. Nc5 Bf5 40. Na4 Kd6 41. Ke2 g5 42. Nc3 Ke5 43. c5 Kd4 44. Kd2 g4 45. Ne2+ Ke5 46. fxg4 Bxg4 47. Nc1 Be6 48. Nd3+ Ke4 49. Nf2+ Kd4 50. Nd3 f3 51. Nf2 Bd5 52. Nd1 Bc4 53. Nf2 a6 54. Nd1 Be2 55. Nf2 Kc4 56. Ne4 Kb3 57. Nf2 Kxa3 58. Kc3 Ka2 59. Kc2 Bc4 60. Ne4 Be6 61. Kc3 Bd5 62. Nf2 Kb1 63. Nd3 Be4 64. Nf2 Bg6 65. Kb3 Kc1 66. Kc3 Bf5 67. Nh1 Kd1 68. Ng3 Bg6 69. Kd4 Ke1 0-1

[Event "Chigorin Memorial 2018"]
[Site "St. Petersburg"]
[Date "2018.10.27"]
[Round "1.106"]
[White "Klepikov, Nikita"]
[Black "Atakishiev, Emil"]
[Result "1-0"]
[WhiteElo "2228"]
[BlackElo "1658"]
[PlyCount "71"]
[EventDate "2018.10.27"]
[EventType "swiss"]
[EventCountry "RUS"]
[WhiteTeam "Russland"]
[BlackTeam "Russland"]
[WhiteTeamCountry "RUS"]
[BlackTeamCountry "RUS"]

1. e4 e6 2. d4 d5 3. Nd2 c5 4. c3 cxd4 5. cxd4 dxe4 6. Nxe4 Bb4+ 7. Nc3 Nf6 8. Bg5 h6 9. Bxf6 Qxf6 10. Qa4+ Nc6 11. Bb5 Bd7 12. Nge2 O-O 13. O-O Bd6 14. Qd1 a6 15. Bd3 Kh8 16. Ne4 Qe7 17. Rc1 Rac8 18. a3 Bc7 19. Nc5 Qd6 20. g3 Nxd4 21. Nxd4 Qxd4 22. Be4 Qxd1 23. Rfxd1 Bc6 24. Bxc6 bxc6 25. Nxa6 Bb6 26. Rd6 Rfd8 27. Rdxc6 Rxc6 28. Rxc6 Rd1+ 29. Kg2 Bd4 30. Rc2 Rb1 31. Rd2 Bf6 32. b4 Rb3 33. a4 Bc3 34. Rd3 Ra3 35. b5 Bb2 36. Rxa3 1-0

[Event "Chigorin Memorial 2018"]
[Site "St. Petersburg"]
[Date "2018.10.27"]
[Round "1.107"]
[White "Archelkov, Arseniy"]
[Black "Ageichenko, Genadi A"]
[Result "0-1"]
[WhiteElo "1657"]
[BlackElo "2225"]
[PlyCount "84"]
[EventDate "2018.10.27"]
[EventType "swiss"]
[EventCountry "RUS"]
[WhiteTeam "Kasachstan"]
[BlackTeam "Russland"]
[WhiteTeamCountry "KAZ"]
[BlackTeamCountry "RUS"]

1. d4 d5 2. Bf4 Nf6 3. e3 Bf5 4. c4 c6 5. Qb3 Qb6 6. Nc3 Nbd7 7. c5 Qxb3 8. axb3 a6 9. b4 Rc8 10. Nf3 Nh5 11. Nd2 Nxf4 12. exf4 g6 13. f3 h5 14. Be2 h4 15. Kf2 Bg7 16. Ke3 Nf8 17. g4 hxg3 18. hxg3 Rxh1 19. Rxh1 Ne6 20. Bd3 Bxd4+ 21. Ke2 Bg7 22. Nb3 Nd4+ 23. Nxd4 Bxd4 24. g4 Bxd3+ 25. Kxd3 Bg7 26. Nd1 Kf8 27. Rh2 e5 28. fxe5 Bxe5 29. f4 Bg7 30. f5 Re8 31. Ne3 Re4 32. g5 gxf5 33. Nxf5 Rf4 34. Nd6 Rxb4 35. Rh1 Rb3+ 36. Ke2 Rxb2+ 37. Kf3 Bd4 38. Nf5 Rb3+ 39. Kg4 Rb4 40. Kf3 Kg8 41. Rd1 Be5 42. Ne3 Bf4 0-1

[Event "Chigorin Memorial 2018"]
[Site "St. Petersburg"]
[Date "2018.10.27"]
[Round "1.108"]
[White "Pogorelskikh, Sergey"]
[Black "Shemyakinskiy, Nikita"]
[Result "1-0"]
[WhiteElo "2224"]
[BlackElo "1655"]
[PlyCount "75"]
[EventDate "2018.10.27"]
[EventType "swiss"]
[EventCountry "RUS"]
[WhiteTeam "Russland"]
[BlackTeam "Russland"]
[WhiteTeamCountry "RUS"]
[BlackTeamCountry "RUS"]

1. e4 c5 2. Nf3 a6 3. c4 e6 4. Nc3 Nc6 5. a3 Nd4 6. Nxd4 cxd4 7. Ne2 e5 8. d3 d6 9. g3 Nf6 10. Bg2 Be7 11. O-O O-O 12. h3 Rb8 13. f4 Ne8 14. g4 g5 15. fxe5 dxe5 16. b4 Ng7 17. Ng3 h6 18. Nf5 Nxf5 19. gxf5 f6 20. Bf3 Bd7 21. h4 Kg7 22. Kg2 Be8 23. Rh1 Bf7 24. Kg3 Rh8 25. Bh5 Bxh5 26. Qxh5 Qe8 27. Kg4 Qxh5+ 28. Kxh5 b6 29. Bd2 b5 30. cxb5 axb5 31. a4 Rhc8 32. axb5 Rxb5 33. Ra7 Kf7 34. hxg5 fxg5 35. Kg4 Rc2 36. Rxh6 Rxd2 37. f6 Rg2+ 38. Kf3 1-0

[Event "Chigorin Memorial 2018"]
[Site "St. Petersburg"]
[Date "2018.10.27"]
[Round "1.109"]
[White "Kudin, Alexander"]
[Black "Nebolsina, Vera"]
[Result "0-1"]
[WhiteElo "1654"]
[BlackElo "2220"]
[PlyCount "74"]
[EventDate "2018.10.27"]
[EventType "swiss"]
[EventCountry "RUS"]
[WhiteTeam "Russland"]
[BlackTeam "Russland"]
[WhiteTeamCountry "RUS"]
[BlackTeamCountry "RUS"]

1. e4 c5 2. Nc3 d6 3. g3 g6 4. Bg2 Bg7 5. Nge2 Nc6 6. O-O e6 7. d3 Nge7 8. Be3 Nd4 9. Rb1 O-O 10. f4 Rb8 11. Qd2 b5 12. Nd1 b4 13. c4 bxc3 14. Ndxc3 Ba6 15. g4 f5 16. g5 Qa5 17. Ng3 fxe4 18. Bxe4 Nef5 19. Nxf5 Nxf5 20. Bf2 d5 21. Bxf5 Rxf5 22. Rfd1 Qc7 23. Bg3 Qc6 24. h4 Rb4 25. a3 Rd4 26. Qe3 Rdxf4 27. Qxf4 Rxf4 28. Bxf4 e5 29. Bg3 Qe6 30. Kg2 Qg4 31. Rd2 e4 32. Nxd5 Bb7 33. Ne3 Qf3+ 34. Kh2 Qxe3 35. Rf2 Be5 36. Rg2 exd3 37. Rgg1 Qf2+ 0-1

[Event "Chigorin Memorial 2018"]
[Site "St. Petersburg"]
[Date "2018.10.27"]
[Round "1.110"]
[White "Tsaruk, Maksim"]
[Black "Zakharov, Yuri"]
[Result "1-0"]
[WhiteElo "2215"]
[BlackElo "1650"]
[PlyCount "41"]
[EventDate "2018.10.27"]
[EventType "swiss"]
[EventCountry "RUS"]
[WhiteTeam "Weißrussland"]
[BlackTeam "Russland"]
[WhiteTeamCountry "BLR"]
[BlackTeamCountry "RUS"]

1. e4 e5 2. Nf3 Nc6 3. Bc4 Nf6 4. d3 d6 5. Ng5 d5 6. exd5 Na5 7. O-O Nxc4 8. dxc4 h6 9. Nf3 Bg4 10. Re1 Bd6 11. Nxe5 Bxd1 12. Nc6+ Kf8 13. Nxd8 Bxc2 14. Nxb7 Bb4 15. Bd2 Bxd2 16. Nxd2 Rb8 17. Nc5 Rxb2 18. Nde4 Nxe4 19. Nxe4 Bd3 20. Nc5 Bxc4 21. Nd7+ 1-0

[Event "Chigorin Memorial 2018"]
[Site "St. Petersburg"]
[Date "2018.10.27"]
[Round "1.111"]
[White "Lekhtonen, Yaroslav"]
[Black "Nandhidhaa, P V"]
[Result "0-1"]
[WhiteElo "1639"]
[BlackElo "2212"]
[PlyCount "90"]
[EventDate "2018.10.27"]
[EventType "swiss"]
[EventCountry "RUS"]
[WhiteTeam "Russland"]
[BlackTeam "Indien"]
[WhiteTeamCountry "RUS"]
[BlackTeamCountry "IND"]

1. d4 Nf6 2. c4 e6 3. Nc3 Bb4 4. e3 O-O 5. Bd3 d5 6. Nge2 dxc4 7. Bxc4 c5 8. O-O cxd4 9. exd4 Nc6 10. Bf4 b6 11. Rc1 Bb7 12. a3 Bd6 13. d5 Na5 14. Ba2 Bxf4 15. Nxf4 Qd6 16. Nfe2 Ng4 17. Ng3 Qf4 18. b4 Nc4 19. Bxc4 Qxc4 20. Nce4 Qxd5 21. Qxg4 f5 22. Qe2 fxe4 23. Rfd1 Qg5 24. Rc7 Bd5 25. Rdc1 a5 26. Nh5 Rf7 27. h4 Qe5 28. Rxf7 Kxf7 29. Qg4 Kg8 30. b5 Rf8 31. Qg5 Qxg5 32. hxg5 Rf5 33. Rc8+ Kf7 34. Rc7+ Kg6 35. Nxg7 Rxg5 36. Ne8 e3 37. Rg7+ Kh6 38. Rxg5 exf2+ 39. Kxf2 Kxg5 40. Nd6 Bb3 41. Nc8 Ba4 42. Nxb6 Bxb5 43. a4 Bc6 44. Nc4 Bd5 45. Nd6 Kf4 0-1